• 首页
  • 本馆介绍
  • 公告通知
  • 最新文献
  • 馆藏检索
  • 电子资源
  • 读者导购
  • 参考咨询
  • 我的图书馆
  • 登录
  • 详细信息显示
  • 放入我的书架
  • 预约/预借图书
  • 作者相关作品
  • 分类相关作品
  • 丛书相关作品
  • 出版社相关作品

书目信息

  • 表格格式
  • 工作单格式
  • 卡片格式
题名:
旅行史话
    
 
作者: 黄石林 著
分册:  
出版信息: 北京   社会科学文献出版社  2012.03
页数: 208页
开本: 21cm
丛书名: 中国史话
单 册:
中图分类: F592.9
科图分类:
主题词: 旅游--文化史--中国 , 旅游 , 文化史
电子资源:
ISBN: 978-7-5097-3152-9
000 00988oam2 2200289 450
001 010050034326
005 20120619084035.12
010    @a978-7-5097-3152-9@dCNY15.00
100    @a20120502d2012 em y0chiy50 ea
101 0  @achi
102    @aCN@b110000
105    @ak z 000yy
106    @ar
200 1  @a旅行史话@9lu^ xing shi hua@dA brief history of travelling in China@f黄石林著@zeng
210    @a北京@c社会科学文献出版社@d2012.03
215    @a208页@d21cm
225 2  @a中国史话@i交通与交流系列
330    @a本书以时代先后为顺序,以旅行人物为中心,分为先秦、秦汉、魏晋南北朝、隋唐、宋元明五个时期,分别对中国古代畅游祖国名山大川的人物及其旅行事件进行介绍。
462  0 @12001 @a中国史话@i交通与交流系列
510 1  @aBrief history of travelling in China@zeng
606 0  @a旅游@x文化史@y中国
606 0  @a旅游
606 0  @a文化史
690    @aF592.9@v5
701  0 @a黄石林@9huang shi lin@4著
801  0 @aCN@bRENTIAN@c20120502
905    @b540074-78@dF592.9@e306@f5
    
    旅行史话=A brief history of travelling in China/黄石林著.-北京:社会科学文献出版社,2012.03
    208页;21cm.-(中国史话.交通与交流系列)
    
    
    ISBN 978-7-5097-3152-9:CNY15.00
    本书以时代先后为顺序,以旅行人物为中心,分为先秦、秦汉、魏晋南北朝、隋唐、宋元明五个时期,分别对中国古代畅游祖国名山大川的人物及其旅行事件进行介绍。
●
相关链接 在E读中查询图书 在五车中查询图书 在当当中查询图书 在豆瓣中查询图书


正题名:旅行史话     索取号:F592.9/306         预约/预借

序号 登录号 条形码 馆藏地/架位号 状态 备注
1 540074   205400742   第一样本阅览室/ [索取号:F592.9/306] 在馆    
2 540075   205400751   第一借阅区/ [索取号:F592.9/306] 在馆    
3 540076   205400760   第一借阅区/ [索取号:F592.9/306] 在馆    
4 540077   205400779   第一借阅区/ [索取号:F592.9/306] 在馆    
5 540078   205400788   第一借阅区/ [索取号:F592.9/306] 在馆    
唐山师范学院图书馆 欢迎您!
大连网信软件有限公司© 版权所有